Rosa Como 25-26 - Statistics

Statistiche generali
  • Questo quiz è stato fatto 37 volte
  • Il punteggio medio è 20 su 27
Statistiche sulle risposte
Ruolo Numero Nazionalità Valore Risposta % Corretto
ATT 11 GRECIA 10 mln Anastasios Douvikas
100%
COC 20 CROAZIA 18 mln Martin Baturina
100%
COC 10 ARGENTINA / SPAGNA 65 mln Nico Paz
100%
AS 38 SENEGAL / SPAGNA 30 mln Assane Diao
97%
POR 1 FRANCIA 4,5 mln Jean Butez
97%
AS 17 SPAGNA 30 mln Jesus Rodriguez
97%
ATT 7 SPAGNA 8 mln Alvaro Morata
94%
CDC 23 ARGENTINA / SPAGNA 25 mln Maximo Perrone
89%
CC 33 FRANCIA / PORTOGALLO 15 mln Lucas Da Cunha
86%
CC 6 FRANCIA 15 mln Maxence Caqueret
86%
TS 3 SPAGNA 10 mln Alex Valle
83%
ALL - SPAGNA - Cesc Fabregas
83%
DC 14 SPAGNA 18 mln Jacobo Ramon
83%
AD 19 GERMANIA 15 mln Nicolas Kuhn
83%
DC 34 BRASILE / SPAGNA 8,5 mln Diego Carlos
77%
AD 42 PAESI BASSI / GHANA 20 mln Jayden Addai
77%
TD 28 CROAZIA 2,5 mln Ivan Smolcic
71%
DC 2 GERMANIA 3 mln Marc Oliver Kempf
71%
TD 31 KOSOVO / ALBANIA 3 mln Mergim Vojvoda
71%
CC 8 SPAGNA 1,5 mln Sergi Roberto
69%
TS 18 SPAGNA 1 mln Alberto Moreno
66%
TD 77 BELGIO 3,5 mln Ignace Van der Brempt
57%
(DC) 27 AUSTRIA 5,5 Stefan Posch
57%
DC 5 ITALIA 2,5 mln Edoardo Goldaniga
54%
POR 22 ITALIA 0,15 Mauro Vigorito
34%
POR 44 CROAZIA 0,75 mln Nikola Cavlina
26%
POR 21 SVEZIA 2 mln Noel Tornqvist
14%
Nessun quiz corrispondente trovato
Distribuzione punteggi
Percentuale di utenti per punteggio
Percentile per numero di risposta
I tuoi punteggi nel tempo
Non hai fatto questo quiz